[Event "Montreal op"]
[Site "Montreal CAN"]
[Date "2019.09.08"]
[Round "5.12"]
[White "Richard, Leo"]
[Black "Yang, Kun"]
[Result "1-0"]
[WhiteElo "1773"]
[BlackElo "1012"]
[PlyCount "89"]
[EventDate "2019.09.06"]
[EventType "swiss"]
[EventRounds "5"]
[EventCountry "CAN"]

1. Nf3 Nc6 2. d4 e6 3. c4 Nf6 4. Nc3 Bb4 5. a3 Bxc3+ 6. bxc3 O-O 7. Bg5 d5 8.
e3 b6 9. Bd3 Nb8 10. Ne5 Nbd7 11. Qf3 Rb8 12. Nc6 Qe8 13. Nxb8 Ne4 14. Bxe4
dxe4 15. Qg3 Kh8 16. Nxd7 Qxd7 17. Bf4 c5 18. O-O Rd8 19. Bc7 Re8 20. Rfd1 Qa4
21. dxc5 bxc5 22. Qd6 Bb7 23. Qd8 Bc6 24. Qd6 h6 25. Qxc5 Rc8 26. Rd8+ Rxd8 27.
Bxd8 Kh7 28. Qe7 Be8 29. Qb4 Qd7 30. Ba5 f5 31. Qb3 Qe7 32. c5 Bc6 33. Rd1 a6
34. Rd6 Qe8 35. Qxe6 Qxe6 36. Rxe6 Kg8 37. Rxc6 Kf8 38. Rxa6 Ke8 39. c6 Ke7 40.
c7 Kd7 41. Ra8 Kc6 42. c8=Q+ Kb5 43. Rb8+ Ka4 44. Qc4+ Kxa3 45. Qb3# 1-0

[Event "Montreal op"]
[Site "Montreal CAN"]
[Date "2019.09.08"]
[Round "5.13"]
[White "Craciun, David"]
[Black "Huang, Qiuyu"]
[Result "1/2-1/2"]
[WhiteElo "1802"]
[BlackElo "1985"]
[PlyCount "60"]
[EventDate "2019.09.06"]
[EventType "swiss"]
[EventRounds "5"]
[EventCountry "CAN"]

1. d4 f5 2. Nf3 Nf6 3. c4 g6 4. Nc3 Bg7 5. Bf4 d6 6. h3 O-O 7. e3 Qe8 8. Be2 c6
9. O-O Nbd7 10. d5 a5 11. a3 Nc5 12. Qc2 a4 13. Rad1 Bd7 14. Nd4 h6 15. Bh2
Nfe4 16. Nxe4 Nxe4 17. Bf3 Ng5 18. Be2 c5 19. f4 Ne4 20. Nb5 Bxb5 21. cxb5 c4
22. Bxc4 Qf7 23. Qe2 Rfc8 24. Rc1 Rc5 25. Rc2 Rac8 26. Rfc1 Kh7 27. b4 axb3 28.
Bxb3 Qf6 29. Bc4 b6 30. g4 e6 1/2-1/2

[Event "Montreal op U1600"]
[Site "Montreal CAN"]
[Date "2019.09.07"]
[Round "2.38"]
[White "MacIsaac, Alexandre"]
[Black "Legault, Simon"]
[Result "1-0"]
[WhiteElo "1582"]
[BlackElo "1388"]
[PlyCount "81"]
[EventDate "2019.09.06"]
[EventType "swiss"]
[EventRounds "5"]
[EventCountry "CAN"]

1. e4 c5 2. Nf3 d6 3. d4 cxd4 4. Nxd4 Nf6 5. Nc3 a6 6. Be3 e5 7. Nf3 Be6 8. Ng5
Bg4 9. Be2 Bxe2 10. Qxe2 h6 11. Nf3 Be7 12. Rd1 Nbd7 13. Nh4 g6 14. O-O Rc8 15.
f4 exf4 16. Bd4 O-O 17. e5 Nh5 18. Nf5 dxe5 19. Bxe5 f6 20. Bd6 Bxd6 21. Qe6+
Kh7 22. Rxd6 Nc5 23. Rxd8 Nxe6 24. Rd7+ Kh8 25. Ne7 Rfd8 26. Nxg6+ Kg8 27. Rxb7
Nc5 28. Ra7 Ra8 29. Rxa8 Rxa8 30. Nxf4 Ng7 31. Nfd5 f5 32. Ne7+ Kh7 33. Nxf5
Nh5 34. Ne7 Ne6 35. Rf7+ Kh8 36. Ncd5 Ng5 37. Ng6+ Kg8 38. Rb7 Ne4 39. g4 Rd8
40. gxh5 Rxd5 41. Ne7+ 1-0

[Event "Montreal op U1600"]
[Site "Montreal CAN"]
[Date "2019.09.07"]
[Round "2.39"]
[White "Couture-Harpin, Nicolas"]
[Black "Menard, Marc"]
[Result "1-0"]
[WhiteElo "1531"]
[BlackElo "1374"]
[PlyCount "55"]
[EventDate "2019.09.06"]
[EventType "swiss"]
[EventRounds "5"]
[EventCountry "CAN"]

1. Nf3 Nc6 2. d4 d5 3. c4 e6 4. a3 Nf6 5. Nc3 dxc4 6. e4 Be7 7. Bxc4 a6 8. O-O
b5 9. Ba2 O-O 10. Be3 b4 11. axb4 Bxb4 12. Qc2 Be7 13. Qe2 Bb7 14. Rfd1 Nb4 15.
Bb1 Qc8 16. Ng5 h6 17. Nh3 c5 18. e5 Nfd5 19. Nxd5 Nxd5 20. Bxh6 gxh6 21. Qd3
f5 22. exf6 Nxf6 23. Qg6+ Kh8 24. Qxh6+ Kg8 25. Qg6+ Kh8 26. Ra3 Qe8 27. Qh6+
Kg8 28. Rg3+ 1-0

[Event "Montreal op U1600"]
[Site "Montreal CAN"]
[Date "2019.09.07"]
[Round "3.38"]
[White "Tesar, Mathias"]
[Black "MacIsaac, Alexandre"]
[Result "0-1"]
[WhiteElo "1473"]
[BlackElo "1582"]
[PlyCount "96"]
[EventDate "2019.09.06"]
[EventType "swiss"]
[EventRounds "5"]
[EventCountry "CAN"]

1. d4 Nf6 2. Bf4 e6 3. e3 b6 4. Nf3 Bb7 5. Nbd2 Nh5 6. Bg3 Nxg3 7. hxg3 Nc6 8.
Bd3 Nb4 9. Be2 c5 10. c3 Nc6 11. Bd3 g6 12. Qe2 cxd4 13. exd4 h5 14. Ne4 f5 15.
Ned2 Bh6 16. O-O-O Qc7 17. Kb1 O-O-O 18. Nc4 Rde8 19. Nce5 Nxe5 20. dxe5 Kb8
21. Bb5 Be4+ 22. Bd3 Bc6 23. Rhg1 Bg7 24. Ng5 Rhf8 25. f4 Bd5 26. Ba6 Qc5 27.
c4 Bc6 28. Rd6 Qxg1+ 29. Rd1 Qc5 30. Qd2 Bh6 31. Nh7 Rf7 32. Nf6 Rd8 33. Rc1
Be4+ 34. Ka1 d6 35. b4 Qc7 36. Nxe4 fxe4 37. Rd1 Bg7 38. Kb1 e3 39. Qd3 e2 40.
Qxe2 dxe5 41. Re1 Rfd7 42. fxe5 Rd2 43. Qe4 Rd1+ 44. Rxd1 Rxd1+ 45. Kc2 Qd7 46.
Qe2 Qa4+ 47. Kc3 Qa3+ 48. Kc2 Rc1+ 0-1

[Event "Montreal op U2100"]
[Site "Montreal CAN"]
[Date "2019.09.06"]
[Round "1.15"]
[White "Gorunovich, Anna"]
[Black "Alcantara, Maximo jr"]
[Result "0-1"]
[WhiteElo "1909"]
[BlackElo "1688"]
[PlyCount "90"]
[EventDate "2019.09.06"]
[EventType "swiss"]
[EventRounds "5"]
[EventCountry "CAN"]

1. e4 Nc6 2. Nf3 e5 3. Bc4 h6 4. d4 exd4 5. Nxd4 Qe7 6. O-O Qc5 7. Nxc6 Qxc4 8.
Nd4 c5 9. Nf3 d6 10. Nc3 Be6 11. a4 Qa6 12. Be3 Nf6 13. h3 Be7 14. Re1 O-O 15.
Qd2 Qb6 16. a5 Qd8 17. Qe2 a6 18. Rad1 Qc8 19. Bf4 Rd8 20. Na4 Qc6 21. Nb6 Rab8
22. e5 Nd5 23. Nxd5 Bxd5 24. c4 Bxf3 25. gxf3 dxe5 26. Bxe5 Rxd1 27. Rxd1 Re8
28. Qd3 Rd8 29. Qe2 Qe6 30. Rxd8+ Bxd8 31. Qd2 Bxa5 32. Qxa5 Qxe5 33. Qd8+ Kh7
34. Qd3+ g6 35. Qd7 Qg5+ 36. Kf1 Qc1+ 37. Kg2 Qxc4 38. Qxb7 a5 39. Kg3 Kg7 40.
f4 a4 41. Qb8 Qb3+ 42. Qxb3 axb3 43. Kf3 c4 44. Ke3 c3 45. bxc3 b2 0-1

[Event "Montreal op U2100"]
[Site "Montreal CAN"]
[Date "2019.09.06"]
[Round "1.16"]
[White "Laroche, Hugo"]
[Black "Mangahas, Ronald"]
[Result "1-0"]
[WhiteElo "1678"]
[BlackElo "1882"]
[PlyCount "79"]
[EventDate "2019.09.06"]
[EventType "swiss"]
[EventRounds "5"]
[EventCountry "CAN"]

1. d4 Nf6 2. Bf4 g6 3. Nf3 Bg7 4. e3 O-O 5. h3 d6 6. Be2 c5 7. c3 cxd4 8. exd4
Nc6 9. O-O Qa5 10. Nbd2 Re8 11. Re1 Bf5 12. Nc4 Qc7 13. Bd3 Bxd3 14. Qxd3 Rac8
15. Ncd2 e5 16. dxe5 dxe5 17. Bh2 Rcd8 18. Qc4 Nd5 19. Rad1 Nb6 20. Qe2 h6 21.
Nc4 Rxd1 22. Rxd1 Nxc4 23. Qxc4 Qe7 24. Re1 Qd7 25. Qe2 f5 26. Rd1 Qe6 27. Qb5
Re7 28. Qd5 Kf7 29. Qxe6+ Kxe6 30. Kf1 g5 31. Ke2 Rc7 32. Ne1 Bf8 33. Nd3 Bd6
34. f3 Rd7 35. Bg1 b6 36. a3 Na5 37. Nb4 Bxb4 38. axb4 Rxd1 39. Kxd1 Kd5 40.
bxa5 1-0

[Event "Montreal op U2100"]
[Site "Montreal CAN"]
[Date "2019.09.06"]
[Round "1.17"]
[White "Mercure, Gilbert"]
[Black "Wang, Isabelle"]
[Result "1-0"]
[WhiteElo "1841"]
[BlackElo "1673"]
[PlyCount "121"]
[EventDate "2019.09.06"]
[EventType "swiss"]
[EventRounds "5"]
[EventCountry "CAN"]

1. e4 e5 2. Nf3 Nc6 3. Bc4 Bc5 4. b4 Bxb4 5. c3 Ba5 6. d4 exd4 7. Qb3 Qe7 8.
O-O d6 9. e5 dxe5 10. Ba3 Qf6 11. cxd4 exd4 12. Nbd2 Nge7 13. Bxe7 Nxe7 14.
Qb5+ c6 15. Qxa5 O-O 16. Rfe1 Nf5 17. Ne4 Qd8 18. Qxd8 Rxd8 19. g4 Nh6 20. h3
Kh8 21. Rad1 f5 22. Neg5 fxg4 23. Rxd4 Bf5 24. Rxd8+ Rxd8 25. Ne5 Bg6 26. hxg4
b5 27. Bf7 Bc2 28. Be8 Kg8 29. Bxc6 b4 30. Be4 Bxe4 31. Rxe4 a5 32. Nc6 Ra8 33.
Nxa5 Nf7 34. Nxf7 Kxf7 35. Nc6 Rxa2 36. Nxb4 Ra4 37. Kg2 g5 38. f3 h6 39. Kf2
Ra7 40. Ke3 Rd7 41. Nd3 Kf6 42. Nc5 Rd6 43. Ra4 Kf7 44. Ra7+ Kg6 45. Ra6 Rxa6
46. Nxa6 h5 47. Nc5 h4 48. Ne4 Kh6 49. Kf2 Kg6 50. Kg2 Kh6 51. Kh3 Kg6 52. Nd6
Kf6 53. Nf5 Ke5 54. Nxh4 Kf4 55. Kg2 gxh4 56. Kh2 h3 57. Kxh3 Kxf3 58. g5 Kf2
59. g6 Kg1 60. g7 Kh1 61. Kg3 1-0

[Event "Montreal op U2100"]
[Site "Montreal CAN"]
[Date "2019.09.06"]
[Round "1.18"]
[White "Adam, Rafael"]
[Black "Leblanc-Legault, Mathieu"]
[Result "1-0"]
[WhiteElo "1654"]
[BlackElo "1839"]
[PlyCount "127"]
[EventDate "2019.09.06"]
[EventType "swiss"]
[EventRounds "5"]
[EventCountry "CAN"]

1. d4 Nf6 2. Bg5 Ne4 3. Bh4 d5 4. Nd2 Nd6 5. e3 Nf5 6. Ngf3 Nxh4 7. Nxh4 e5 8.
Nhf3 e4 9. Ng1 Bd6 10. c4 c6 11. Ne2 O-O 12. Nc3 Be6 13. Qb3 Qb6 14. Qxb6 axb6
15. cxd5 cxd5 16. a3 Rc8 17. Rc1 Nd7 18. Be2 f5 19. O-O Nf6 20. Nb5 Be7 21. Nc7
Bd7 22. Nxa8 Rxa8 23. Rc3 Bc6 24. Rfc1 Bd8 25. Rb3 Ba4 26. Rbc3 Bc6 27. Nb1 Ne8
28. b3 Nd6 29. a4 Be7 30. Nd2 Ra5 31. R3c2 b5 32. axb5 Nxb5 33. Nb1 Bb4 34. g3
g6 35. h4 Kf7 36. Kg2 h5 37. Bf1 Bd6 38. Nc3 Nxc3 39. Rxc3 Ke7 40. Rb1 Bb4 41.
Rcc1 Bd2 42. Ra1 Kd7 43. Rxa5 Bxa5 44. Ra1 b6 45. Ba6 Bb4 46. Be2 Ba5 47. Kf1
Kc7 48. Rc1 Kb7 49. Ra1 Kb8 50. f3 Kb7 51. fxe4 dxe4 52. Bc4 Be8 53. Ke2 Kc6
54. Kd1 b5 55. Rxa5 bxc4 56. bxc4 Bf7 57. Rc5+ Kd6 58. Kd2 Be6 59. Re5 Bf7 60.
Kc3 Bg8 61. Ra5 Bf7 62. Ra6+ Ke7 63. d5 Be8 64. Kd4 1-0

[Event "Montreal op U2100"]
[Site "Montreal CAN"]
[Date "2019.09.06"]
[Round "1.19"]
[White "Ning, Alwin"]
[Black "Nafii, Adil"]
[Result "1-0"]
[WhiteElo "1838"]
[BlackElo "1650"]
[Annotator ",Microsoft"]
[PlyCount "35"]
[EventDate "2019.09.06"]
[EventType "swiss"]
[EventRounds "5"]
[EventCountry "CAN"]

1. e4 c5 2. Nf3 Nc6 3. d4 cxd4 4. Nxd4 e5 5. Nb3 Nf6 6. f3 Be7 7. c4 b6 8. Nc3
Bb4 9. Bd2 Bxc3 10. Bxc3 Nh5 11. Bd2 Qh4+ 12. g3 Nxg3 13. hxg3 Qxh1 14. Be3 Ba6
15. Kf2 O-O 16. Qxd7 Rac8 17. c5 Bxf1 18. Rxf1 {1-0 (30)} 1-0

[Event "Montreal op U2100"]
[Site "Montreal CAN"]
[Date "2019.09.06"]
[Round "1.21"]
[White "Baran, Marius"]
[Black "Neshev, Nikolay"]
[Result "1-0"]
[WhiteElo "1815"]
[BlackElo "1637"]
[PlyCount "97"]
[EventDate "2019.09.06"]
[EventType "swiss"]
[EventRounds "5"]
[EventCountry "CAN"]

1. e4 d6 2. d4 Nf6 3. Nc3 Nbd7 4. f4 e5 5. dxe5 dxe5 6. fxe5 Nxe5 7. Qxd8+ Kxd8
8. Bg5 c6 9. O-O-O+ Bd7 10. a3 Be7 11. h3 Nh5 12. Bxe7+ Kxe7 13. Nge2 Rad8 14.
g4 Nf6 15. Bg2 Rhe8 16. Ng3 g6 17. g5 Ng8 18. b3 Kf8 19. Rd2 Be6 20. Rhd1 Rxd2
21. Rxd2 h6 22. gxh6 Nxh6 23. Nge2 Ng8 24. Nf4 Bc8 25. Nd3 Nf6 26. Nxe5 Rxe5
27. Rd8+ Re8 28. Rxe8+ Kxe8 29. Kd2 Ke7 30. Ke3 Ke6 31. b4 Ke5 32. Ne2 Nh5 33.
Nd4 Bd7 34. Nf3+ Kd6 35. c4 b6 36. e5+ Ke7 37. c5 Ng3 38. Nd4 Nf5+ 39. Nxf5+
Bxf5 40. h4 Bd7 41. Kf4 b5 42. Kg5 Be6 43. Bh3 f6+ 44. exf6+ Kf7 45. Bg2 Bd7
46. Be4 Kg8 47. Bxg6 Kh8 48. Bf5 Be8 49. Be6 1-0

[Event "Montreal op U2100"]
[Site "Montreal CAN"]
[Date "2019.09.06"]
[Round "1.22"]
[White "Guillemette, Hugo"]
[Black "Shah, Omar"]
[Result "1/2-1/2"]
[WhiteElo "1633"]
[BlackElo "1811"]
[PlyCount "102"]
[EventDate "2019.09.06"]
[EventType "swiss"]
[EventRounds "5"]
[EventCountry "CAN"]

1. e4 c5 2. Nf3 d6 3. Bb5+ Nc6 4. O-O Bd7 5. Re1 e6 6. Nc3 Nf6 7. d4 cxd4 8.
Nxd4 Be7 9. h3 O-O 10. Bxc6 bxc6 11. e5 dxe5 12. Rxe5 Qc7 13. Re1 Rad8 14. Qe2
Be8 15. Nb3 a5 16. Be3 Nd5 17. Nxd5 cxd5 18. Rad1 Bd7 19. c3 Ba4 20. Bd4 Qf4
21. Bb6 Ra8 22. Rd4 Qb8 23. Rxa4 Qxb6 24. Qg4 Bc5 25. Nxc5 Qxc5 26. Qd4 Qc6 27.
b3 Rfc8 28. c4 Rd8 29. Re3 dxc4 30. Qxc4 Rd1+ 31. Kh2 Qd6+ 32. Qf4 Qd2 33. Rf3
Qd7 34. Rc4 Qd6 35. Qxd6 Rxd6 36. Rfc3 Kf8 37. Kg3 Ke7 38. Rc7+ Rd7 39. Kf4 Ra7
40. Rxa7 Rxa7 41. Rc4 Kd6 42. g4 f6 43. f3 Rb7 44. Ke4 g6 45. Ra4 Rb5 46. Rd4+
Kc6 47. Rc4+ Kd6 48. Rd4+ Kc6 49. Rd8 Rb7 50. Rd4 Rb5 51. Rc4+ Kd6 1/2-1/2

[Event "Montreal op U2100"]
[Site "Montreal CAN"]
[Date "2019.09.06"]
[Round "1.23"]
[White "Simard, Francois"]
[Black "Gil, Bernardo"]
[Result "0-1"]
[WhiteElo "1805"]
[BlackElo "1632"]
[PlyCount "74"]
[EventDate "2019.09.06"]
[EventType "swiss"]
[EventRounds "5"]
[EventCountry "CAN"]

1. d4 Nf6 2. c4 g6 3. Nc3 Bg7 4. Bg5 O-O 5. Qd2 d5 6. Bxf6 Bxf6 7. cxd5 e5 8.
dxe6 Bxe6 9. e3 c5 10. dxc5 Qxd2+ 11. Kxd2 Bxc3+ 12. Kxc3 Rc8 13. Bd3 Rxc5+ 14.
Kd2 Nc6 15. Nf3 Rd8 16. Ke2 Nb4 17. Nd4 Bxa2 18. Rhc1 Rxc1 19. Rxc1 Nxd3 20.
Kxd3 Be6 21. Rc5 Rd5 22. Rxd5 Bxd5 23. e4 Be6 24. Nxe6 fxe6 25. Kd4 Kf8 26. Ke5
Ke7 27. h4 a5 28. g4 b5 29. f4 a4 30. Kd4 Kd6 31. Kc3 Kc5 32. f5 b4+ 33. Kc2
exf5 34. exf5 gxf5 35. g5 Kd5 36. h5 Ke6 37. Kd3 f4 0-1

[Event "Montreal op U2100"]
[Site "Montreal CAN"]
[Date "2019.09.06"]
[Round "1.24"]
[White "Mai, Deren"]
[Black "Dumoulin, Sylvain"]
[Result "0-1"]
[WhiteElo "1623"]
[BlackElo "1779"]
[PlyCount "60"]
[EventDate "2019.09.06"]
[EventType "swiss"]
[EventRounds "5"]
[EventCountry "CAN"]

1. e4 e6 2. d4 d5 3. e5 c5 4. c3 Nc6 5. Nf3 Bd7 6. a3 Qc7 7. b4 c4 8. Be2 O-O-O
9. h4 f6 10. Bf4 Nh6 11. a4 Nf7 12. b5 Na5 13. Nbd2 Be7 14. Bg3 f5 15. Rb1 Rdg8
16. Nf1 g5 17. hxg5 Nxg5 18. Ne3 Ne4 19. Nxd5 exd5 20. e6 Nxg3 21. exd7+ Qxd7
22. fxg3 Bd6 23. Kd2 Rxg3 24. Bf1 f4 25. Kc2 Ba3 26. Rh5 Re8 27. Qd2 Qf7 28.
Re5 Rxe5 29. dxe5 Qf5+ 30. Kd1 Qxb1+ 0-1

[Event "Montreal op U2100"]
[Site "Montreal CAN"]
[Date "2019.09.06"]
[Round "1.25"]
[White "Yan, Alex Jikai"]
[Black "Rabutki, Dimitri"]
[Result "1-0"]
[WhiteElo "1773"]
[BlackElo "1611"]
[PlyCount "63"]
[EventDate "2019.09.06"]
[EventType "swiss"]
[EventRounds "5"]
[EventCountry "CAN"]

1. e4 d5 2. exd5 Qxd5 3. Nc3 Qd8 4. d4 Bf5 5. Be3 e6 6. Nf3 c6 7. Bd3 Bxd3 8.
Qxd3 h6 9. Ne2 Nd7 10. c4 Bb4+ 11. Nc3 Ngf6 12. O-O Bxc3 13. bxc3 O-O 14. Rfd1
Qe7 15. Bf4 Nh5 16. Qe3 Nxf4 17. Qxf4 Rac8 18. c5 Rfd8 19. a4 Qf6 20. Qxf6 gxf6
21. a5 Nb8 22. Rab1 Rd7 23. Rb3 Na6 24. Rdb1 Rb8 25. R3b2 Kf8 26. Nd2 e5 27.
Nf3 Re7 28. h3 Rd7 29. g4 Kg7 30. Nh4 exd4 31. cxd4 Rxd4 32. Nf5+ 1-0

[Event "Montreal op U2100"]
[Site "Montreal CAN"]
[Date "2019.09.06"]
[Round "1.26"]
[White "Levasseur, Sylvain"]
[Black "Hernandez, Juan Felipe"]
[Result "1/2-1/2"]
[WhiteElo "1610"]
[BlackElo "1759"]
[PlyCount "63"]
[EventDate "2019.09.06"]
[EventType "swiss"]
[EventRounds "5"]
[EventCountry "CAN"]

1. e4 e6 2. d4 d5 3. e5 c5 4. c3 Qb6 5. Nf3 Nc6 6. Be2 Nh6 7. O-O cxd4 8. a3
dxc3 9. Nxc3 Bd7 10. Na4 Qc7 11. Bd2 Ng4 12. Rc1 Ngxe5 13. Nxe5 Qxe5 14. Nc5
Bxc5 15. Rxc5 O-O 16. Rc3 Nd4 17. Re1 Nxe2+ 18. Rxe2 Qd6 19. Rg3 Rfe8 20. Bb4
Qc7 21. Qd4 e5 22. Qxd5 Bc6 23. Qc4 Rad8 24. Qc2 Qd7 25. Rd2 Qe6 26. Qd1 Rxd2
27. Qxd2 Qd5 28. Qxd5 Bxd5 29. Bc3 f6 30. Re3 Kf7 31. f3 Ke6 32. Kf2 1/2-1/2

[Event "Montreal op U2100"]
[Site "Montreal CAN"]
[Date "2019.09.06"]
[Round "1.28"]
[White "Varro, Daniel"]
[Black "Omichi, Haruaki"]
[Result "1/2-1/2"]
[WhiteElo "1604"]
[BlackElo "1737"]
[PlyCount "52"]
[EventDate "2019.09.06"]
[EventType "swiss"]
[EventRounds "5"]
[EventCountry "CAN"]

1. d4 d5 2. c4 dxc4 3. Nf3 Nf6 4. e3 e6 5. Bxc4 c5 6. O-O Nc6 7. Nc3 cxd4 8.
exd4 Bd6 9. Bg5 O-O 10. Re1 Be7 11. Qd2 Nd5 12. Nxd5 exd5 13. Bxe7 Nxe7 14. Bd3
Ng6 15. Bxg6 hxg6 16. Qb4 a5 17. Qe7 Be6 18. Qxd8 Rfxd8 19. Rac1 Rac8 20. Kf1
Rc4 21. b3 Rb4 22. Rc3 Rc8 23. Rec1 Rxc3 24. Rxc3 Kf8 25. a3 Rb6 26. Ke1 f6
1/2-1/2

[Event "Montreal op U2100"]
[Site "Montreal CAN"]
[Date "2019.09.06"]
[Round "1.29"]
[White "Vignalou, Joseph"]
[Black "He, Jiaqi"]
[Result "1/2-1/2"]
[WhiteElo "1734"]
[BlackElo "1576"]
[PlyCount "69"]
[EventDate "2019.09.06"]
[EventType "swiss"]
[EventRounds "5"]
[EventCountry "CAN"]

1. e4 e5 2. Nf3 Nc6 3. Bc4 Bc5 4. c3 Nf6 5. d3 h6 6. b4 Bd6 7. O-O O-O 8. Nbd2
a6 9. a4 Ne7 10. Qb3 Ng6 11. d4 c6 12. Rd1 Qc7 13. Bb2 b6 14. Rac1 b5 15. axb5
axb5 16. Bf1 Bb7 17. c4 bxc4 18. Nxc4 exd4 19. Nxd6 Qxd6 20. Bxd4 Qf4 21. Bxf6
gxf6 22. Bc4 Rad8 23. Nd4 Ne5 24. Qg3+ Qg5 25. Nf5 Kh7 26. Qxg5 fxg5 27. Rd6 f6
28. Be2 Rde8 29. Rc5 Re6 30. Rxe5 Rxe5 31. Rxd7+ Kh8 32. Rxb7 Rxe4 33. Ne3 f5
34. Bd3 Rd4 35. Bf1 1/2-1/2

[Event "Montreal op U2100"]
[Site "Montreal CAN"]
[Date "2019.09.06"]
[Round "1.30"]
[White "Bocan, Richard"]
[Black "Ning, Oswin"]
[Result "1/2-1/2"]
[WhiteElo "1570"]
[BlackElo "1730"]
[PlyCount "57"]
[EventDate "2019.09.06"]
[EventType "swiss"]
[EventRounds "5"]
[EventCountry "CAN"]

1. d4 d5 2. c4 c6 3. Nf3 Nf6 4. Nc3 e6 5. Bg5 Nbd7 6. cxd5 exd5 7. e3 Bd6 8.
Bd3 O-O 9. Qc2 Qc7 10. O-O h6 11. Bh4 Ng4 12. Bg3 Bxg3 13. hxg3 Ndf6 14. Rfe1
Re8 15. b4 Bd7 16. Rac1 a6 17. a4 Qd6 18. b5 Rec8 19. bxa6 bxa6 20. Rb1 a5 21.
Rb7 Rab8 22. Reb1 Rxb7 23. Rxb7 Rb8 24. Rxb8+ Qxb8 25. Qb1 Qa7 26. Qb3 Bc8 27.
Ne1 Ba6 28. Qb2 Bxd3 29. Nxd3 1/2-1/2

[Event "Montreal op U2100"]
[Site "Montreal CAN"]
[Date "2019.09.06"]
[Round "1.31"]
[White "Khan, Alexandre"]
[Black "Jiang, Barron Jiyu"]
[Result "0-1"]
[WhiteElo "1721"]
[BlackElo "1570"]
[PlyCount "62"]
[EventDate "2019.09.06"]
[EventType "swiss"]
[EventRounds "5"]
[EventCountry "CAN"]

1. e4 c5 2. Nf3 d6 3. Bb5+ Bd7 4. Bxd7+ Qxd7 5. c4 Nc6 6. d4 cxd4 7. Nxd4 Nf6
8. Nc3 e6 9. b3 Be7 10. O-O O-O 11. Bb2 Rfd8 12. Re1 a6 13. Rc1 Rac8 14. Nxc6
Qxc6 15. Qe2 Nd7 16. Nd5 Bf8 17. Nb4 Qc7 18. Nd3 Qb8 19. Qg4 g6 20. h4 Bg7 21.
Ba3 b5 22. c5 dxc5 23. Bxc5 Nxc5 24. Nxc5 Qb6 25. b4 Bd4 26. Red1 Rc6 27. h5 e5
28. Kh2 Kh8 29. hxg6 Rxg6 30. Qe2 Qf6 31. Rd3 Qf4+ 0-1

[Event "Montreal op U2100"]
[Site "Montreal CAN"]
[Date "2019.09.06"]
[Round "1.32"]
[White "Duplessis, Claude"]
[Black "Goldner, John"]
[Result "1/2-1/2"]
[WhiteElo "1556"]
[BlackElo "1710"]
[PlyCount "115"]
[EventDate "2019.09.06"]
[EventType "swiss"]
[EventRounds "5"]
[EventCountry "CAN"]

1. e4 e5 2. Nf3 Nc6 3. Bb5 a6 4. Ba4 Nf6 5. O-O b5 6. Bb3 Bb7 7. Ng5 d5 8. exd5
Nd4 9. Nf3 Nxb3 10. axb3 Qxd5 11. Nc3 Qc6 12. Re1 Bd6 13. d3 h6 14. d4 O-O-O
15. d5 Nxd5 16. Nxd5 Qxd5 17. Qxd5 Bxd5 18. Rxa6 Kb7 19. Ra1 Bxf3 20. gxf3 Ra8
21. Be3 f5 22. c4 f4 23. Bd2 b4 24. Ra4 Rxa4 25. bxa4 Rd8 26. b3 Ka6 27. Kf1
Kb6 28. Ke2 Bc5 29. Rd1 Rf8 30. Bc1 Kc6 31. Bb2 Rf5 32. Rd5 Bd6 33. Kf1 Rh5 34.
Kg2 Rg5+ 35. Kh1 Kd7 36. a5 Kc6 37. Rb5 Bc5 38. a6 Bxf2 39. h4 Rh5 40. c5 Rxh4+
41. Kg2 Bxc5 42. Rxc5+ Kb6 43. Rxe5 Kxa6 44. Re7 Rh5 45. Rxg7 Rd5 46. Kf1 Rd3
47. Rxc7 Rxf3+ 48. Ke2 Rxb3 49. Rc2 Rh3 50. Kf1 Kb5 51. Kg2 Rg3+ 52. Kf2 Rh3
53. Kg2 Rg3+ 54. Kf2 h5 55. Bc1 Rc3 56. Rxc3 bxc3 57. Bxf4 Kc4 58. Kg3 1/2-1/2

[Event "Montreal op U2100"]
[Site "Montreal CAN"]
[Date "2019.09.07"]
[Round "2.15"]
[White "Alcantara, Maximo jr"]
[Black "Mercure, Gilbert"]
[Result "0-1"]
[WhiteElo "1688"]
[BlackElo "1841"]
[PlyCount "63"]
[EventDate "2019.09.06"]
[EventType "swiss"]
[EventRounds "5"]
[EventCountry "CAN"]

1. Nf3 d5 2. d4 Nc6 3. g3 Nf6 4. Bg2 Bf5 5. c3 Qd7 6. O-O Bh3 7. Nbd2 Bxg2 8.
Kxg2 h6 9. Re1 Ne4 10. Nxe4 dxe4 11. Nd2 f5 12. f3 e5 13. e3 exf3+ 14. Qxf3
O-O-O 15. Nc4 e4 16. Qh5 Qe6 17. b3 g6 18. Qe2 h5 19. Ba3 Bxa3 20. Nxa3 g5 21.
h3 Ne7 22. Qc4 Nd5 23. Qa4 h4 24. Nc4 Kb8 25. Rh1 hxg3 26. Rae1 f4 27. Qa3 Rxh3
28. Rxh3 Qg4 29. Rxg3 Qxg3+ 30. Kf1 f3 31. Re2 Rh8 32. Rh2 0-1

[Event "Montreal op U2100"]
[Site "Montreal CAN"]
[Date "2019.09.07"]
[Round "2.16"]
[White "Morin-Pare, Victor"]
[Black "Laroche, Hugo"]
[Result "1-0"]
[WhiteElo "1835"]
[BlackElo "1678"]
[PlyCount "87"]
[EventDate "2019.09.06"]
[EventType "swiss"]
[EventRounds "5"]
[EventCountry "CAN"]

1. d4 Nf6 2. Bf4 e6 3. e3 d5 4. Nd2 Nbd7 5. Bd3 b6 6. c3 Bb7 7. h3 Be7 8. Ngf3
Ne4 9. Qc2 f5 10. Ne5 Nxe5 11. Bxe5 Bd6 12. Bxd6 Qxd6 13. Nf3 a6 14. Ne5 O-O
15. O-O c5 16. f3 Nf6 17. Qe2 Nd7 18. f4 Nxe5 19. fxe5 Qe7 20. a4 c4 21. Bc2 b5
22. axb5 axb5 23. Qh5 Qf7 24. Qg5 Bc6 25. g4 Rxa1 26. Rxa1 fxg4 27. Qh4 h6 28.
hxg4 Qf3 29. Re1 g5 30. Qh2 Qxg4+ 31. Qg2 Qxg2+ 32. Kxg2 Kg7 33. Bd1 Ra8 34.
Bg4 Bd7 35. Rf1 Rf8 36. Ra1 Kf7 37. Ra7 Ke7 38. e4 Rf4 39. Bxe6 Kxe6 40. exd5+
Ke7 41. e6 Ke8 42. Rxd7 Re4 43. Kf3 Re5 44. dxe5 1-0

[Event "Montreal op U2100"]
[Site "Montreal CAN"]
[Date "2019.09.07"]
[Round "2.17"]
[White "Gil, Bernardo"]
[Black "Baran, Marius"]
[Result "1/2-1/2"]
[WhiteElo "1632"]
[BlackElo "1815"]
[PlyCount "122"]
[EventDate "2019.09.06"]
[EventType "swiss"]
[EventRounds "5"]
[EventCountry "CAN"]

1. Nf3 d5 2. g3 Bf5 3. Bg2 e6 4. O-O Nf6 5. d3 Bd6 6. Nbd2 O-O 7. Nh4 Nc6 8.
Nxf5 exf5 9. e4 fxe4 10. dxe4 dxe4 11. Nxe4 Nxe4 12. Bxe4 Qd7 13. Be3 Rfe8 14.
Bg2 Rad8 15. c3 Ne5 16. Qb3 b6 17. Rad1 Qg4 18. h3 Qc4 19. Qxc4 Nxc4 20. Bc1 a5
21. Rfe1 Kf8 22. Bc6 Rxe1+ 23. Rxe1 Ne5 24. Be4 h6 25. Kg2 Bc5 26. Kf1 Nc4 27.
Bc6 f6 28. b3 Ne5 29. Be4 Be7 30. Bf4 Bd6 31. Rd1 Ke7 32. Bc1 Bc5 33. Rxd8 Kxd8
34. f4 Nd7 35. Ke2 Ke7 36. a3 g5 37. b4 axb4 38. axb4 Bd6 39. Bc6 gxf4 40. gxf4
f5 41. Kd3 Nf6 42. Bf3 Kd7 43. Bd2 b5 44. Be3 Ke6 45. Kd4 Kd7 46. Bd2 Ke6 47.
c4 bxc4 48. Kxc4 Ke7 49. Kd4 Kd7 50. b5 Ke6 51. Be3 Ke7 52. Bb7 Nh5 53. Bc8 Kf6
54. Kd5 Nxf4+ 55. Kc6 Be5 56. h4 h5 57. Ba7 Ng6 58. Bb8 Ne7+ 59. Kd7 Nd5 60.
Kc6 Ne7+ 61. Kd7 Nd5 1/2-1/2